000 00468nam a2200145Ia 4500
008 100122s9999 xx 000 0 und d
082 _b1931
_a823
100 _aभिडे भि गो
245 _aखळीफतीची स्थापना
260 _bप्रकाशक शोधणे
_c1924
300 _a55
630 _aखळीफतीची स्थापना
730 _aखळीफतीची स्थापना
942 _cBOOK
999 _c396448
_d396445